| 000 | 00934nam a2200277 a 4500 | ||
|---|---|---|---|
| 001 | 000110458 | ||
| 003 | CHAP | ||
| 005 | 20220329144134.0 | ||
| 008 | 140829s2012 mx a |r| ||||||spa d | ||
| 010 | _a106920 | ||
| 011 | _a107892 | ||
| 020 | _a9786070237485 | ||
| 040 | _cCHAP | ||
| 082 | 0 | 4 |
_a540.078 _bM97 |
| 100 | 1 |
_aMuñoz Ocotero, Verónica _9128121 |
|
| 245 | 1 | 0 |
_aManual de prácticas de química para estudiantes de biología : _bdiez temas llevados a la práctica, integrando a la biología en el estudio de la química / _cpor Verónica Muñoz Ocotero y Caballero Arroyo Yolanda. |
| 260 |
_aMéxico, D. F. : _bUNAM. Facultad de ciencias, _c2012. |
||
| 300 |
_a93 p. : _bil. |
||
| 490 | 0 | _aLas prensas de ciencias | |
| 590 |
_aE5765TAJ _b05 _c20140829 _lUCH01 _h1112 |
||
| 700 | 1 |
_aCaballero Arrollo, Yolanda _9128122 |
|
| 830 | 0 |
_aLas prensas de ciencias _965007 |
|
| 901 | _aBK | ||
| 942 | _cLIBRO | ||
| 942 | _n0 | ||
| 999 |
_c106920 _d106920 |
||